Statistics for Norway Quiz #1

Click here to take the quiz!

General Stats

  • This quiz has been taken 40 times
    (4 since last reset)
  • The average score is 5 of 8

Answer Stats

QuestionAnswer% Correct
What is the Prime Minister of Norway in 2011?Jens Stoltenberg
100%
What is the name of the fjord that lays outside Oslo?Oslofjorden
100%
What of these 4 things was invented in Norway?The cheese grater
100%
When is Norways national day?17. May
75%
What is the biggest city in Norway?Oslo
75%
Does Bergen lay inside of Norway?Yes
50%
How many states are Norway divided in? (1.January 2024)15
25%
What is the biggest church in Norway?Kongsberg Church
0%

Score Distribution

Percentile by Number Answered

Percent of People with Each Score

Your Score History

You have not taken this quiz since the last reset